Presentación de estados contables (Registro nro. 3107)

Detalles MARC
000 -LEADER
fixed length control field 01466 a2200253 4500
001 - CONTROL NUMBER
control field 39801
005 - DATE AND TIME OF LATEST TRANSACTION
control field 20260407155654.0
008 - FIXED-LENGTH DATA ELEMENTS--GENERAL INFORMATION
fixed length control field 260407a2011 arg spa d
003 - CONTROL NUMBER IDENTIFIER
control field AR-UNSa-BCEJYS
040 ## - CATALOGING SOURCE
Original cataloging agency AR-UNSa-BCEJYS
Language of cataloging spa
Transcribing agency AR-UNSa-BCEJYS
080 ## - UNIVERSAL DECIMAL CLASSIFICATION NUMBER
Universal Decimal Classification number 657.3
Common auxiliary subdivision Presupuestos. Cierre de Cuentas. Balances (Estados Contables)
020 ## - INTERNATIONAL STANDARD BOOK NUMBER
International Standard Book Number 978-987-01-1208-2
041 ## - LANGUAGE CODE
Language code of text/sound track or separate title spa
100 1# - MAIN ENTRY--PERSONAL NAME
Personal name Paulone, Héctor Mauricio
245 10 - TITLE STATEMENT
Title Presentación de estados contables
250 ## - EDITION STATEMENT
Edition statement 3a. ed
264 #1 - PRODUCTION, PUBLICATION, DISTRIBUTION, MANUFACTURE, AND COPYRIGHT NOTICE
Place of production, publication, distribution, manufacture Buenos Aires :
Name of producer, publisher, distributor, manufacturer Errepar
Date of production, publication, distribution, manufacture, or copyright notice 2011
300 ## - PHYSICAL DESCRIPTION
Extent xii, 210 p.
Dimensions 27 cm.
505 ## - FORMATTED CONTENTS NOTE
Formatted contents note 1. Normas contables - 2. Normas generales de exposición contable. Resolución técnica Nº 8 - 3. Normas particulares de exposición contable para entes comerciales, industriales y de servicio. Resolución técnica Nº 9 - 4. Normas particulares de exposición contable para entes sin fines de lucro. Resolución técnica Nº 11 - 5. Normas particulares de exposición contable para entes cooperativos. Resolución técnica Nº 24 - 6. Las Normas internacionales de contabilidad - 7. El estado de flujo de efectivo - 8. Información comparativa - 9. Información por segmentos - 10. Análisis de estados contables - 11. La resolución 4/2009 de la IGJ y la memoria anual.<br/>
590 ## - LOCAL NOTE (RLIN)
Local note niveau_biblio:m niveau_hierar:0
700 1# - ADDED ENTRY--PERSONAL NAME
Personal name Veiras, Alberto
856 41 - ELECTRONIC LOCATION AND ACCESS
Uniform Resource Identifier <a href="https://biblioeco.unsa.edu.ar/pmb/images/libros/L117850.jpg">https://biblioeco.unsa.edu.ar/pmb/images/libros/L117850.jpg</a>
Link text Imagen de portada
Electronic format type image/jpeg
942 ## - ADDED ENTRY ELEMENTS (KOHA)
Koha item type
Existencias
Withdrawn status Lost status Damaged status Not for loan Home library Current library Shelving location Date acquired Total checkouts Full call number Barcode Date last seen Price effective from Koha item type
        Biblioteca Prof. Eusebio Cleto del Rey Biblioteca Prof. Eusebio Cleto del Rey   07/04/2026   657.3 P324 3ed. L117850 07/04/2026 07/04/2026 Libro